000 01037nam a2200265Ia 4500
003 OSt
005 20220918110728.0
006 a|||||r|||| 00| 0
007 ta
008 220915b |||||||| |||| 00| 0 san d
020 _a9788183901666 (hbk)
_cINR 11000.00
024 _a53,895
037 _b300, 09/03/2017, Eastern Book Linkers
_cReference Collections
040 _aARTS
_cARTS
_bsan
041 _2san
_asan
082 _aO15,1A2k, 152Q7.1-.5(RR)
100 _aमुद्गिल, श्रीकृष्ण, ले.
_99231
245 0 _aमहाभारत ज्ञान कोश
246 _aMahābhārat jnyān kosha
260 _aदिल्ली
_bअभिषेेक प्रकाशन भारत
_c2017
490 _vभाग 1
650 _aमहाभारत
_99232
942 _hO15,1A2k, 152Q7.1-.5(RR)
_cREF
999 _c114294
_d114294